| 000 | 01186cam a2200277 4500 | ||
|---|---|---|---|
| 001 | ##L134880 | ||
| 008 | 060907n2004 000 0 eng u | ||
| 020 | _a1903287421 | ||
| 035 | _a(Sirsi) u134880 | ||
| 041 | 0 | _aeng | |
| 050 | 0 | 4 | _a697 $2 18 |
| 110 | 2 |
_aChartered Institution of Building Services Engineers _92360 |
|
| 245 | 0 | 0 |
_aPublic health engineering _bCIBSE guide G |
| 250 | _a2nd ed. | ||
| 260 |
_aLondon _bCIBSE _c2004 |
||
| 300 |
_a1v. _bill. _c30cm |
||
| 350 | _a88 | ||
| 490 | 0 |
_aCIBSE Guide _vG |
|
| 505 | 2 | _aIntroduction and scope -- water services and utilities -- Sanitary accommodation, pipework and drainage -- Waste management systems -- Corrosion and corrosion protection -- Water treatment -- Swimming pools -- Water features and fountains -- Irrigation -- External drainage, local storage and treatment of waste water -- Miscellaneous piped services -- Glossary of terms | |
| 520 | _aAimed at architects, designers and authorities involved in dealing with public health engineering design and practice. | ||
| 590 | _aIKA171006 | ||
| 651 | 4 |
_aUnited Kingdom _y |
|
| 690 |
_aBlock management _96220 |
||
| 700 | 1 |
_aButcher, Ken _eEditor |
|
| 942 | _n0 | ||
| 999 |
_c105828 _d105828 |
||